Basic electrical and electonics engineering

Bibliographic Details
Main Author: Rajput, R.K
Format: Book
Published: New Delhi : Laxmi Publications (P) Ltd , 2007
Subjects:

MARC

LEADER 00000cam a2200000 7i4500
001 0000040796
005 20140518.0
008 140518
020 |a 8131800849 
090 0 0 |a 621.3   |b RAJ 
100 1 |a Rajput, R.K 
245 1 0 |a Basic electrical and electonics engineering   |c R.K. Rajput 
260 |a New Delhi :   |b Laxmi Publications (P) Ltd ,   |c 2007 
650 0 |a Electrical engineering 
650 0 |a Electronics 
999 |a 0001292376   |b Book   |c Adult Collection   |e Perbadanan Perpustakaan Awam Johor